Central Library OPAC University of Rajshahi

Skill formation in Japan and Southeast Asia / (Record no. 59702)

MARC details
000 -LEADER
fixed length control field 01082nam a2200301 a 4500
001 - CONTROL NUMBER
control field 59702
003 - CONTROL NUMBER IDENTIFIER
rucl marc code BD-RjUL
005 - DATE AND TIME OF LATEST TRANSACTION
control field 20211209080747.0
008 - FIXED-LENGTH DATA ELEMENTS--GENERAL INFORMATION
fixed length control field 161226s1990 ja b 001 0 eng d
020 ## - INTERNATIONAL STANDARD BOOK NUMBER
International Standard Book Number 0860084647
International Standard Book Number 4130470493
035 ## - SYSTEM CONTROL NUMBER
System control number (BD-RjUL)59826
040 ## - CATALOGING SOURCE
Original cataloging agency BD-RjUL
Transcribing agency BD-RjUL
Language of cataloging eng
Modifying agency BD-RjUL
041 ## - LANGUAGE CODE
Language code of text/sound track or separate title eng
082 ## - DEWEY DECIMAL CLASSIFICATION NUMBER
Edition number 23
Classification number 370.1130959
Author mark and year SKI 1990
245 10 - TITLE STATEMENT
Title Skill formation in Japan and Southeast Asia /
Statement of responsibility, etc. edited by Kazuo Koike and Takenori Inoki
260 ## - PUBLICATION, DISTRIBUTION, ETC. (IMPRINT)
Place of publication, distribution, etc. Tokyo :
Name of publisher, distributor, etc. University of Tokyo Press,
Date of publication, distribution, etc. c1990
300 ## - PHYSICAL DESCRIPTION
Pagination x, 252 p. :
Illustrations ill. ;
Size 24 cm
500 ## - GENERAL NOTE
General note Translation of: Jinzai keisei no kokusai hikaku
504 ## - BIBLIOGRAPHY, ETC. NOTE
Bibliography, etc Includes bibliographical references (p. 241-248) and index
650 #0 - SUBJECT ADDED ENTRY--TOPICAL TERM
Topical term or geographic name as entry element Occupational training
Geographic subdivision Southeast Asia
9 (RLIN) 177664
Topical term or geographic name as entry element Occupational training
Geographic subdivision Southeast Asia
Form subdivision Case studies
9 (RLIN) 177665
Topical term or geographic name as entry element Occupational training
Geographic subdivision Japan
9 (RLIN) 177666
Topical term or geographic name as entry element Occupational training
Geographic subdivision Japan
General subdivision Case studies
9 (RLIN) 177667
700 1# - ADDED ENTRY--PERSONAL NAME
Personal name Inoki, Takenori.
Personal name Koike, Kazuo,
Dates associated with a name 1932-
942 ## - ADDED ENTRY ELEMENTS (KOHA)
Source of classification or shelving scheme Dewey Decimal Classification
Koha item type Books
Holdings
Lost status Source of classification or shelving scheme Damaged status Not for loan Collection code Permanent Location Current Location Shelving location Date acquired Total Checkouts Full call number Date last seen Copy number Koha item type
  Dewey Decimal Classification   Not For Loan Non-fiction Central Library, University of Rajshahi Central Library, University of Rajshahi Reading Room 02/06/1995   370.1130959 SKI 1990 26/12/2016 C-1 Books